| 000 | 00536nam a2200145Ia 4500 | ||
|---|---|---|---|
| 008 | 140724s9999 xx 000 0 und d | ||
| 050 |
_aRT 82 _b.Al339 2011 |
||
| 100 | _aAlbo, Mary Grace. | ||
| 245 |
_aCaring behaviors of nurses based on Jean Watson's Carative Factors as perceived by patients, staff nurses, and doctors / _cMary Grace Albo. |
||
| 260 |
_aLas PiƱas, Philippines : _bSouthville International School and Colleges, _cc2011. |
||
| 300 |
_a83 p. : _bill. ; _c28 cm. |
||
| 521 | _aNursing | ||
| 942 | _cTH | ||
| 999 |
_c228694 _d228694 |
||